Statistiques concernant Liste des nombres premiers inférieurs à 100

Cliquez ici pour prendre le quiz!

Statistiques générales

  • Ce quiz a été pris 487 fois
  • Le résultat moyen est 24 sur 25

Statistiques - réponses

Nombres premiers% Correct
2
100%
3
100%
5
100%
7
100%
11
99%
13
99%
19
99%
23
99%
17
98%
31
98%
29
97%
37
96%
41
95%
43
95%
47
95%
53
94%
59
93%
67
92%
61
91%
71
91%
73
90%
79
89%
83
87%
89
86%
97
85%

Distribution des résultats

Percentile par nombre de réponses

% des personnes avec chaque résultat

Votre développement - résultats

Vous n’avez pas pris ce quiz